| 000 | 00890nam a22002297a 4500 | ||
|---|---|---|---|
| 001 | 76432 | ||
| 003 | BD-RjUL | ||
| 005 | 20211209082837.0 | ||
| 008 | 191204s2012 bg ||||| |||| 00| 0 ben d | ||
| 020 | _a9847013801450 | ||
| 035 | _a(BD-RjUL)76653 | ||
| 040 |
_aBD-RjUL _beng _cBD-RjUL |
||
| 041 | _aeng | ||
| 082 |
_223 _a302.23095492 _bMUS 2012 |
||
| 100 |
_aমুৎসুদ্দী, চিন্ময় _9236003 |
||
| 245 |
_aসমকালীন গণমাধ্যম স্বাধীনতা দায়িত্ব করপোরেট পুঁজি / _c চিন্ময় মুৎসুদ্দী |
||
| 260 |
_aঢাকা : _bবিদ্যাপ্রকাশ, _c২০১২ |
||
| 300 |
_a১৫৫ পৃ. ; _c২২ সেমি. |
||
| 650 |
_aMass media _zBangladesh _9236004 |
||
| 650 |
_aCommunication _xSocial aspects _9236005 |
||
| 942 |
_2ddc _cBK |
||
| 999 |
_c76432 _d76432 |
||